Vianney - J’m’en fous - paroles - Statistiques

Statistiques générales
  • Ce quiz a été pris 34 fois
  • Le résultat moyen est 224 sur 298
Statistiques - réponses
Réponse % Correct
de
100%
fous
100%
J'm'en
100%
j'm'en
100%
me
100%
a
96%
à
96%
A
96%
Et
96%
et
96%
la
96%
se
96%
au
93%
que
93%
Que
93%
ta
93%
aussi
89%
bien
89%
des
89%
Des
89%
Le
89%
le
89%
qui
89%
Qui
89%
si
89%
jamais
85%
matin
85%
même
85%
mes
85%
ne
85%
Ne
85%
nous
85%
demain
81%
main
81%
sera
81%
est
78%
Il
78%
J'ai
78%
ce
74%
doigts
74%
fois
74%
l'amour
74%
pu
74%
un
74%
y
74%
airs
70%
car
70%
chanter
70%
les
70%
mer
70%
monde
70%
doux
67%
loin
67%
pas
67%
plus
67%
refrain
67%
serrer
67%
tu
67%
mille
63%
beauté
59%
cœur
59%
éloigne
59%
galères
59%
puisque
59%
autres
56%
comme
56%
Dont
56%
maisons
56%
rêve
56%
font
52%
On
52%
qu'on
52%
raisons
52%
ressemblent
52%
saisons
52%
s'assemblent
52%
vécu
52%
fait
48%
l'horizon
48%
n'as
48%
nos
48%
Nos
48%
en
44%
milles
44%
avant
41%
bois
41%
chanson
41%
cheval
41%
41%
cette
37%
départ
37%
finira
37%
histoires
37%
l'abandon
37%
Laissé
37%
mourir
37%
tour
37%
balades
33%
faux
33%
notre
33%
premier
33%
ranger
33%
regrets
33%
viendra
33%
armes
30%
balou
30%
chagrins,
30%
couvrir
30%
greniers
30%
jolis
30%
l'on
30%
moments
30%
poussière
30%
déposé
26%
malgré
26%
resteront
26%
filait
22%
Aucun quiz correspondant
Distribution des résultats
% des personnes avec chaque résultat
Percentile par nombre de réponses
Votre historique - résultats
Vous n’avez pas pris ce quiz